Nursing Care Planning Resource: (Record no. 585)

MARC details
000 -LEADER
Fixed length control field 00667nam a2200217Ia 4500
003 - CONTROL NUMBER IDENTIFIER
Control field IIN
005 - DATE AND TIME OF LATEST TRANSACTION
Control field 20240124152034.0
008 - FIXED-LENGTH DATA ELEMENTS--GENERAL INFORMATION
Fixed length control field 231217s9999 xx 000 0 und d
020 ## - INTERNATIONAL STANDARD BOOK NUMBER / ISBN
Price Rs.715.00
International Standard Book Number 9788131253298
040 ## - CATALOGING SOURCE
Original cataloging agency IIN
Language of cataloging English
082 ## - DEWEY DECIMAL CLASSIFICATION NUMBER
Classification number 610.73
Book Number SWE
100 1# - MAIN ENTRY--PERSONAL NAME
Personal name Swearingen, Pamela L.
245 1# - TITLE STATEMENT
Title Nursing Care Planning Resource:
Sub title Child and Neonatal Health
Statement of responsibility Pamela L.Swearingen
260 ## - IMPRINT
Name of publisher Elsevier
Place of publication New Delhi
Date of publication 2018
300 ## - PHYSICAL DESCRIPTION
Page / Vol. No xvi, 222 p. / V.3
500 ## - GENERAL NOTE
General note V.3<br/> Title name: Child and Neonatal Health
650 1# - SUBJECT ADDED ENTRY--TOPICAL TERM
Topical term Foundation
Form subdivision Nursing
650 1# - SUBJECT ADDED ENTRY--TOPICAL TERM
Topical term Nursing Care Planning
650 1# - SUBJECT ADDED ENTRY--TOPICAL TERM
Topical term Child and Neonatal Health
942 ## - ADDED ENTRY ELEMENTS (KOHA)
Koha item type Books
Holdings
Withdrawn status Lost status Source of classification Damaged status Not for loan Collection code Home library Current library Date acquired Price Total Checkouts Call number Accession number Date last seen Copy number Price effective from Koha item type
    Dewey Decimal Classification       IDEAL INSTITUTE OF NURSING IDEAL INSTITUTE OF NURSING 17/12/2023 715.00   610.73 SWE 576 17/12/2023 Vol.3 17/12/2023 Books
    Dewey Decimal Classification       IDEAL INSTITUTE OF NURSING IDEAL INSTITUTE OF NURSING 17/12/2023 715.00   610.73 SWE 577 17/12/2023 Vol.3 17/12/2023 Books
    Dewey Decimal Classification       IDEAL INSTITUTE OF NURSING IDEAL INSTITUTE OF NURSING 17/12/2023 715.00   610.73 SWE 578 17/12/2023 Vol.3 17/12/2023 Books
    Dewey Decimal Classification       IDEAL INSTITUTE OF NURSING IDEAL INSTITUTE OF NURSING 17/12/2023 715.00   610.73 SWE 579 17/12/2023 Vol.3 17/12/2023 Books
    Dewey Decimal Classification       IDEAL INSTITUTE OF NURSING IDEAL INSTITUTE OF NURSING 17/12/2023 715.00   610.73 SWE 580 17/12/2023 Vol.3 17/12/2023 Books
© Ideal Institute Of Nursing, All rights reserved.         Powered by Koha